The mystery of Allegara : Oxford Bookworms 2

Enregistré dans:
Détails bibliographiques
Auteur principal: Foreman, Peter
Format: Livre
Langue:Undetermined
Publié: Oxford Oxford Univ. Press 1999
Sujets:
Tags: Ajouter un tag
Pas de tags, Soyez le premier à ajouter un tag!
Thư viện lưu trữ: Trung tâm Học liệu Trường Đại học Cần Thơ
LEADER 00579nam a2200217Ia 4500
001 CTU_34914
008 210402s9999 xx 000 0 und d
020 |c 16000 
082 |a 823.9 
082 |b F715 
100 |a Foreman, Peter 
245 4 |a The mystery of Allegara : 
245 0 |b Oxford Bookworms 2 
245 0 |c Peter Foreman 
260 |a Oxford 
260 |b Oxford Univ. Press 
260 |c 1999 
650 |a English fiction,English literature 
650 |y 20th century 
904 |i Minh, Trong Hieu 
980 |a Trung tâm Học liệu Trường Đại học Cần Thơ